Carregant...
Critics on Dryden
| Format: | Printed Book |
|---|---|
| Idioma: | English |
| Publicat: |
London :
George Allen and Unwin ,
c1973.
|
| LEADER | 00449nam a22001337a 4500 | ||
|---|---|---|---|
| 008 | 130711b xxu||||| |||| 00| 0 eng d | ||
| 020 | |a 0048210315 | ||
| 082 | |a 821.4 MCH/C | ||
| 245 | |a Critics on Dryden | ||
| 260 | |a London : |b George Allen and Unwin , |c c1973. | ||
| 300 | |b 114p. | ||
| 942 | |c BK | ||
| 999 | |c 194281 |d 194281 | ||
| 952 | |0 0 |1 0 |4 0 |6 821_400000000000000_MCH_C |7 0 |9 214571 |a ENG |b ENG |c ST1 |d 2013-07-11 |i 10557 |l 0 |o 821.4 MCH/C |p ENG10557 |r 2013-07-11 |w 2013-07-11 |y BK | ||